01343cam a22003131 4500001001300000003000400013005001700017008004100034010001700075035001900092040003100111050001800142110003500160245012100195260005200316300009300368490004200461500007000503500007300573504003100646650004900677650005000726650004500776700004700821700004200868710002900910830007300939999001701012gs 47000205 DLC20260227111352.0790612s1947 sduab b s000 0 eng  ags 47000205  a(OCoLC)5057904 aDLCcTxCMdOCoLCdDLCdWaU00aGB1027.S5bS62 aSouth Dakota Geological Survey10aGround water resources of the Sioux Falls area, South Dakota.cGeology, by E. P. Rothrock; Hydrology by E. G. Otton. aVermillion,bUniversity of South Dakota,c1947. a2 pts. (iii, 108 p., 1 l.)billus., maps (2 fold. in pocket) diagrs. (1 fold. in pocket)1 aIts Report of investigations,vno. 56 aAt head of title: State of South Dakota. State Geological Survey. a"Published in cooperation with the United States Geological Survey." aBibliography: leaf at end. 0aGroundwaterzSouth DakotazSioux Falls area. 0aWater-supplyzSouth DakotazSioux Falls area. 0aGeologyzSouth DakotazSioux Falls area.1 aRothrock, E. P.q(Edgar Paul),d1889-1977.1 aOtton, E. G.q(Edmond George),d1918-2 aGeological Survey (U.S.) 0aReport of investigations (South Dakota Geological Survey) ;vno. 56. c28168d28168